[Event "Berlin Kreuzberg op"]
[Site "Berlin"]
[Date "2015.07.19"]
[Round "9"]
[White "Albrecht, Rainer"]
[Black "Steinborn, Bjoern"]
[Result "1/2-1/2"]
[WhiteElo "2100"]
[BlackElo "1900"]
[PlyCount "29"]
[EventDate "2015.07.11"]
[EventType "swiss"]
[EventRounds "9"]
[EventCountry "GER"]
[SourceTitle "CBM 167 Extra"]
[Source "ChessBase"]
[SourceDate "2015.09.14"]
[SourceVersion "1"]
[SourceVersionDate "2015.09.14"]
[SourceQuality "1"]

1. d4 Nf6 2. c4 e6 3. Nc3 d5 4. cxd5 exd5 5. Bg5 Be7 6. e3 c6 7. Bd3 0-0 8. Qc2 h6 9. Bh4 Re8 10. Nge2 Ne4 11. Bg3 Bf5 12. 0-0 Nxg3 13. Nxg3 Bxd3 14. Qxd3 Nd7 15. Rad1 1/2-1/2

[Event "Berlin Werner Ott op"]
[Site "Berlin"]
[Date "2012.07.11"]
[Round "5"]
[White "Steinborn, Bjoern"]
[Black "Sommaro, Katja"]
[Result "1-0"]
[WhiteElo "1890"]
[BlackElo "2120"]
[PlyCount "51"]
[EventDate "2012.07.07"]
[EventType "swiss"]
[EventRounds "9"]
[EventCountry "GER"]
[SourceTitle "CBM 149 Extra"]
[Source "ChessBase"]
[SourceDate "2012.08.24"]
[SourceVersion "1"]
[SourceVersionDate "2012.08.24"]
[SourceQuality "1"]

1. d4 Nf6 2. c4 g6 3. Nc3 Bg7 4. e4 d6 5. Be2 0-0 6. Bg5 h6 7. Be3 Nbd7 8. Qd2 Kh7 9. f4 c5 10. d5 Rb8 11. e5 Ne8 12. Nf3 f5 13. h4 h5 14. Ng5+ Kg8 15. Ne6 Qa5 16. Nxf8 Kxf8 17. 0-0 dxe5 18. fxe5 Nxe5 19. Bf4 Qa6 20. Rae1 Nd6 21. Qe3 Ng4 22. Qg3 Bd4+ 23. Kh1 Bxc3 24. Qxc3 e5 25. Bxg4 Qxc4 26. Qxe5 1-0

[Event "Berlin Eckbauer op 12th"]
[Site "Berlin"]
[Date "2009.10.08"]
[Round "5.29"]
[White "Geist, Wolfgang"]
[Black "Steinborn, Bjoern"]
[Result "0-1"]
[WhiteElo "1485"]
[BlackElo "1377"]
[PlyCount "52"]
[EventDate "2009.09.14"]
[EventType "swiss"]
[EventRounds "7"]
[EventCountry "GER"]
[SourceTitle "EXT 2022"]
[Source "ChessBase"]
[SourceDate "2021.10.06"]
[SourceVersion "1"]
[SourceVersionDate "2021.10.06"]
[SourceQuality "1"]

1. Nf3 d5 2. d4 Nf6 3. e3 Bg4 4. Bd3 e6 5. 0-0 Bd6 6. Nbd2 c5 7. c3 Nbd7 8. Qa4 0-0 9. h3 Bh5 10. Bb1 Qc7 11. Qd1 Qc6 12. Qe1 Ne4 13. dxc5 Ndxc5 14. Nd4 Qa6 15. Bxe4 dxe4 16. g4 Bg6 17. Qd1 Bc7 18. Kg2 Qd6 19. Rh1 a6 20. Qf1 f5 21. b4 Nd3 22. Ba3 fxg4 23. hxg4 Rxf2+ 24. Qxf2 Nxf2 25. Kxf2 Qg3+ 26. Ke2 Qg2+ 0-1